00654nam a2200229Ia 4500008004100000020001800041050001500059050001500074100001900089245001800108245004600126260001300172260002900185260000900214300001700223300003700240300001100277650005600288650002200344650002100366700003700387160319s9999 xx 000 0 und d a9789719344650 aFil 959.9  bM394p 2007 aMasangcay, Nik aPhilippines / cby Nik Masangkay ; text, Marlene Aguilar. aManila : bJamayco Publishing House c2007 a170 pages :  billustrations (chiefly color) ;  c29 cm. a Art, Modern -- 20th century -- Philippines.  aArt, Modern --  xPictorial works. aAguilar, Marlene., added author.